LOS SALARIOS INDUSTRIALES EN LA CIUDAD DE MEXICO: 1939-1975/

TRADUCCION DE: INDUSTRIAL WAGES IN MEXICO CITY, 1939-1975

Gorde:
Xehetasun bibliografikoak
Egile nagusia: Bortz, Jeffrey Lawrence (autor)
Formatua: Liburua
Gaiak:
Etiketak: Etiketa erantsi
Etiketarik gabe, Izan zaitez lehena erregistro honi etiketa jartzen!

MARC

LEADER 00000nam^a2200000^a^4500
001 000224272
005 20250521000000.0
009 20260310104044.744
020 |a 968-16-2993-0 
035 |a 043392 
037 |a Acervo Xavier Clavigero 
082 |a 331. 210972  |b BOR 
100 |a Bortz, Jeffrey Lawrence  |e (autor) 
245 1 4 |a LOS SALARIOS INDUSTRIALES EN LA CIUDAD DE MEXICO:  |b 1939-1975/  |c JEFFREY LAWRENCE BORTZ; TR. EDUARDO L. SUAREZ 
264 |a MEXICO :  |b FONDO DE CULTURA ECONOMICA,  |c 1988 
300 |a 412p. 
336 |a texto  |b txt  |2 rdacontenido 
337 |a sin mediación  |b n  |2 rdamedio 
338 |a volumen  |b nc  |2 rdasoporte 
520 |a TRADUCCION DE: INDUSTRIAL WAGES IN MEXICO CITY, 1939-1975 
520 |a INCLUYE BIBLIOGRAFIA 
649 |a XX 
650 |a SALARIOS -  |x MEXICO 
650 |a Economía Familiar 
910 |a Fondo General 
920 |a Impresos - Libros 
930 |a Colección General 
905 |a 101 
901 |a 043392  |b IT1  |c ACC  |i 043392  |u 20250521 
902 |a https://opac.biblio.iteso.mx/vufind/Record/000224272